| 000 | 00622nam a22002057a 4500 | ||
|---|---|---|---|
| 003 | OSt | ||
| 005 | 20260306031345.0 | ||
| 008 | 260306b |||||||| |||| 00| 0 eng d | ||
| 020 | _a971-08-6320-7. | ||
| 040 |
_aDWC-Main lib _cOC |
||
| 082 |
_22nd ed. _aFil. 658.88 Ap643c 2003 |
||
| 100 | _aApolo, Jose T. | ||
| 245 |
_aCredit and collection management in the Philippine setting/ _cJose T. Apolo |
||
| 250 | _a 2nd ed. | ||
| 260 |
_aMandaluyong City : _bNational Book Store, _cc2003. |
||
| 300 |
_aix, 268 p. ; _c 25 cm. |
||
| 650 | _a1. Credit | ||
| 650 | _a2. Loans | ||
| 942 |
_2ddc _cBK - FIL _e2nd ed. _kFil. _n0 |
||
| 999 |
_c8671 _d8671 |
||